00503nam a2200145 a 450000500170000000800410001702000180005805000220007610000160009824500370011426000320015152000440018399900190022795201110024620140412111336.0090928s19uu xx 00 eng d a0-590-46900-2 aTR(PS EbQu4 1994 aAudrey Wood aQuick as cricket /cAudrey Wood. aU.S.A :bScholastic,c1994. aa Joyful celebration of self awareness. c105036d105036 001040aELbELcTRd2009-09-28eReplacedl0oTR(PS E Qu4 1994pE9314r2014-04-12 00:00:00w2014-04-12yBK